000
00246nam a22000977a 4500
041
_a
eng
080
_a
80
100
_a
Фалькович, М. М.
245
_a
Лексический справочник по англ. языку.
999
_c
280519
_d
280519
942
_c
BK